Venta de negocios (transferencia de fondos de comercio) (Registro nro. 7488)

Detalles MARC
000 -LEADER
fixed length control field 00714 a2200217 4500
001 - CONTROL NUMBER
control field 61919
005 - DATE AND TIME OF LATEST TRANSACTION
control field 20260407155911.0
008 - FIXED-LENGTH DATA ELEMENTS--GENERAL INFORMATION
fixed length control field 260407a1986 arg spa d
003 - CONTROL NUMBER IDENTIFIER
control field AR-UNSa-BCEJYS
040 ## - CATALOGING SOURCE
Original cataloging agency AR-UNSa-BCEJYS
Language of cataloging spa
Transcribing agency AR-UNSa-BCEJYS
080 ## - UNIVERSAL DECIMAL CLASSIFICATION NUMBER
Universal Decimal Classification number 347.71
Common auxiliary subdivision Transacciones comerciales. La persona en el comercio (fondo de comercio)
020 ## - INTERNATIONAL STANDARD BOOK NUMBER
International Standard Book Number 978-950-14-0342-8
041 ## - LANGUAGE CODE
Language code of text/sound track or separate title spa
100 1# - MAIN ENTRY--PERSONAL NAME
Personal name Lapa, Eduardo L.
245 10 - TITLE STATEMENT
Title Venta de negocios (transferencia de fondos de comercio)
Name of part/section of a work Régimen jurídico y procedimientos prácticos
250 ## - EDITION STATEMENT
Edition statement 2a. ed.
264 #1 - PRODUCTION, PUBLICATION, DISTRIBUTION, MANUFACTURE, AND COPYRIGHT NOTICE
Place of production, publication, distribution, manufacture Buenos Aires :
Name of producer, publisher, distributor, manufacturer Ediciones Depalma
Date of production, publication, distribution, manufacture, or copyright notice 1986
300 ## - PHYSICAL DESCRIPTION
Extent 176 p.
Dimensions 23 cm.
590 ## - LOCAL NOTE (RLIN)
Local note niveau_biblio:m niveau_hierar:0
942 ## - ADDED ENTRY ELEMENTS (KOHA)
Koha item type
Existencias
Withdrawn status Lost status Damaged status Not for loan Home library Current library Shelving location Date acquired Total checkouts Full call number Barcode Date last seen Price effective from Koha item type
        Biblioteca Prof. Eusebio Cleto del Rey Biblioteca Prof. Eusebio Cleto del Rey   07/04/2026   347.71 L299 2ed. L53752 07/04/2026 07/04/2026 Libro